[Event "ICS rated blitz match"]
[Site "204.178.125.65"]
[Date "2001.09.08"]
[Round "?"]
[White "Hossa"]
[Black "Tinker"]
[Result "1-0"]
[WhiteElo "2555"]
[BlackElo "2278"]
[PlyCount "141"]
[EventDate "2001.??.??"]

1. e4 c5 2. Nf3 d6 3. Bc4 Nf6 4. d3 Nc6 5. c3 e6 6. Bb3 d5 7. e5 Nd7 8. Qe2 Be7
9. d4 cxd4 10. cxd4 O-O 11. O-O f6 12. exf6 Rxf6 13. Re1 Nb6 14. Bg5 Rf7 15.
Bxe7 Qxe7 16. Nc3 Bd7 17. Qd2 Rxf3 18. gxf3 Qf6 19. Ne2 Qxf3 20. Qe3 Qf5 21. f4
Na5 22. Rac1 Qf7 23. Bc2 Kh8 24. Qh3 Qg8 25. b3 Rc8 26. Qh4 Nc6 27. a3 Be8 28.
Bd3 Na5 29. Rxc8 Nxc8 30. Qd8 Bg6 31. Qxg8+ Kxg8 32. Bxg6 hxg6 33. b4 Nc4 34.
a4 Ne7 35. Kg2 Kf7 36. h4 Ne3+ 37. Kh3 Nc6 38. b5 Na5 39. Ng1 Nc2 40. Rd1 Nc4
41. Nf3 Kf6 42. Rc1 N2e3 43. Kg3 Kf5 44. Ng5 Kf6 45. Kf2 Ng4+ 46. Kf3 Nge3 47.
Re1 Nc2 48. Rxe6+ Kf5 49. Re8 Nxd4+ 50. Kg3 Kf6 51. Rf8+ Ke7 52. Rf7+ Kd6 53.
Rxb7 Nf5+ 54. Kg4 d4 55. Rxa7 d3 56. Ne4+ Kd5 57. Nf2 d2 58. Kg5 Kd4 59. Rd7+
Ke3 60. Nd1+ Ke2 61. Nc3+ Ke1 62. Kxg6 Nxh4+ 63. Kxg7 Nb6 64. Re7+ Kf1 65. Re4
Nd5 66. Nd1 Nf5+ 67. Kf8 Ng3 68. Rd4 Nb6 69. a5 Ne2 70. axb6 Nxd4 71. b7 {
Tinker resigns} 1-0

[Event "ICS rated blitz match"]
[Site "204.178.125.65"]
[Date "2001.09.08"]
[Round "?"]
[White "Amateur"]
[Black "Hossa"]
[Result "1/2-1/2"]
[WhiteElo "2511"]
[BlackElo "2560"]
[PlyCount "64"]
[EventDate "2001.??.??"]

1. d4 c5 2. d5 Nf6 3. Nc3 g6 4. e4 d6 5. Bb5+ Bd7 6. Bd3 Bg7 7. Nf3 O-O 8. O-O
Qc7 9. Bg5 c4 10. Be2 b5 11. a3 e5 12. Qd2 Na6 13. Bh6 Nc5 14. Bxg7 Kxg7 15.
Qe3 a5 16. Nd2 b4 17. axb4 axb4 18. Na2 b3 19. cxb3 cxb3 20. Nc3 Ng4 21. Qg3
Rxa1 22. Rxa1 Nh6 23. Ra3 f5 24. f3 fxe4 25. fxe4 Rf4 26. h3 Nf7 27. Bd1 Qb8
28. Qe3 Qb4 29. Ne2 Rh4 30. Qc3 Qb6 31. Qe3 Qb4 32. Qc3 Qb6 {
Game drawn by mutual agreement} 1/2-1/2

[Event "ICS rated blitz match"]
[Site "204.178.125.65"]
[Date "2001.09.08"]
[Round "?"]
[White "Hossa"]
[Black "winner3"]
[Result "0-1"]
[WhiteElo "2558"]
[BlackElo "2769"]
[PlyCount "186"]
[EventDate "2001.??.??"]

1. e4 e5 2. Nf3 Nc6 3. Bb5 a6 4. Bxc6 dxc6 5. O-O Qd6 6. d3 f6 7. Be3 c5 8.
Nfd2 Be6 9. Nc3 Qd7 10. Qe2 Bd6 11. Nb3 b6 12. f4 Ne7 13. Nd2 exf4 14. Bxf4 Nc6
15. Bxd6 Nd4 16. Qf2 Qxd6 17. Rac1 O-O 18. Kh1 Bf7 19. Qh4 Nb5 20. Nxb5 axb5
21. a3 c4 22. Nf3 cxd3 23. Rfd1 b4 24. Rxd3 Qc5 25. axb4 Qxb4 26. b3 c5 27.
Rcd1 Rfe8 28. Nd2 Ra2 29. c3 Qb5 30. c4 Qc6 31. Re1 Bg6 32. Rd5 Qc7 33. Rd1 Bf7
34. Rd3 Rb2 35. Rb1 Rc2 36. Rd1 Qe5 37. Re1 Ra2 38. Nf1 Bg6 39. Rde3 Rc2 40.
Qg4 Rf2 41. Qg3 Qxg3 42. Nxg3 Rb2 43. h4 Ra8 44. R1e2 Rxe2 45. Nxe2 Re8 46. Nc3
Kf7 47. Kg1 Ke6 48. Kf2 Rd8 49. Nd5 Ke5 50. Kf3 Rd6 51. Ne7 Rd1 52. g3 Bh5+ 53.
g4 Be8 54. Nd5 Rh1 55. Nxb6 Rh3+ 56. Kf2 Rxh4 57. Kg3 Rh1 58. Rd3 Rb1 59. Kf3
Bc6 60. Nd5 Bb7 61. Re3 Rg1 62. Re2 Rf1+ 63. Kg2 Rb1 64. Re3 Bc8 65. Kf3 Rg1
66. g5 fxg5 67. Kf2 Rb1 68. Nb6 Be6 69. Na4 Kd4 70. e5 h5 71. Rg3 g4 72. Rg1
Rxb3 73. Rd1+ Kxe5 74. Re1+ Kf5 75. Nxc5 Rf3+ 76. Kg2 Bxc4 77. Re8 Bd5 78. Rd8
Rd3+ 79. Kf2 g3+ 80. Ke2 Rd4 81. Rf8+ Kg4 82. Rb8 h4 83. Ke3 g2 84. Rb1 Rf4 85.
Rg1 h3 86. Kd3 h2 87. Rxg2+ Bxg2 88. Kd2 h1=Q 89. Nd3 Bf1 90. Nb2 Rf2+ 91. Ke3
Qd5 92. Kxf2 Qf3+ 93. Kg1 Qg2# {Hossa checkmated} 0-1

[Event "ICS rated blitz match"]
[Site "204.178.125.65"]
[Date "2001.09.08"]
[Round "?"]
[White "nyul"]
[Black "Hossa"]
[Result "0-1"]
[WhiteElo "2156"]
[BlackElo "2551"]
[PlyCount "60"]
[EventDate "2001.??.??"]

1. e4 c5 2. c4 Nc6 3. d3 d6 4. Nc3 Nf6 5. Nf3 e5 6. Be2 Be7 7. O-O O-O 8. h3
Bd7 9. b3 Nd4 10. Nh2 Ne8 11. f4 Bh4 12. f5 Nc7 13. Nf3 a5 14. Nxh4 Qxh4 15. a4
g6 16. f6 Bxh3 17. gxh3 Qg3+ 18. Kh1 Qxh3+ 19. Kg1 Qg3+ 20. Kh1 Rfe8 21. Qe1
Qh3+ 22. Kg1 Nc2 23. Qd2 Nxa1 24. Rf3 Qg4+ 25. Kf1 Qh5 26. Rg3 Qh1+ 27. Rg1
Qh3+ 28. Kf2 Qh2+ 29. Kf1 Nxb3 30. Qg5 Nxc1 {nyul resigns} 0-1

[Event "ICS rated blitz match"]
[Site "204.178.125.65"]
[Date "2001.09.08"]
[Round "?"]
[White "Hossa"]
[Black "nyul"]
[Result "1-0"]
[WhiteElo "2554"]
[BlackElo "2153"]
[PlyCount "27"]
[EventDate "2001.??.??"]

1. e4 e5 2. Nf3 Nc6 3. Nc3 Nf6 4. Bb5 a6 5. Bxc6 dxc6 6. Nxe5 Nxe4 7. Nxe4 Qd4
8. O-O Qxe5 9. d4 Qe7 10. Bg5 f6 11. Re1 Kf7 12. Qh5+ g6 13. Qf3 Bf5 14. Bxf6 {
nyul resigns} 1-0

[Event "ICS rated blitz match"]
[Site "204.178.125.65"]
[Date "2001.09.08"]
[Round "?"]
[White "nyul"]
[Black "Hossa"]
[Result "0-1"]
[WhiteElo "2150"]
[BlackElo "2557"]
[PlyCount "72"]
[EventDate "2001.??.??"]

1. e4 c5 2. c4 g6 3. d3 Bg7 4. Nc3 d6 5. Nf3 Bg4 6. h3 Be6 7. Be2 Nc6 8. O-O
Bd7 9. Be3 h6 10. Qd2 g5 11. Nh2 Nd4 12. f4 gxf4 13. Bxf4 h5 14. Nf3 e5 15. Bg5
f6 16. Bh4 Nxe2+ 17. Qxe2 Be6 18. Nh2 Qd7 19. a3 O-O-O 20. b4 Kb8 21. Rab1 Rh6
22. bxc5 dxc5 23. Nd5 Bxh3 24. gxh3 Rg6+ 25. Kh1 Qxh3 26. Be1 b6 27. Rf3 Qd7
28. Ba5 Ne7 29. Nxb6 axb6 30. Rxb6+ Ka7 31. Qb2 Nc8 32. Rb8 Rg8 33. Rf1 Qc6 34.
Rb1 Ka6 35. Qb3 Bh6 36. Be1 Rg1# {nyul checkmated} 0-1

[Event "ICS rated blitz match"]
[Site "204.178.125.65"]
[Date "2001.09.08"]
[Round "?"]
[White "Hossa"]
[Black "Amateur"]
[Result "0-1"]
[WhiteElo "2560"]
[BlackElo "2532"]
[PlyCount "112"]
[EventDate "2001.??.??"]

1. e4 c5 2. Nf3 e6 3. c4 Nc6 4. Nc3 Nf6 5. Be2 d5 6. exd5 exd5 7. d4 Be6 8.
cxd5 Nxd5 9. O-O Be7 10. dxc5 Nxc3 11. bxc3 Bxc5 12. Qc2 Qc7 13. Qe4 O-O-O 14.
a4 Qe7 15. Ng5 h5 16. Bf4 Bd5 17. Qf5+ Rd7 18. Rfe1 g6 19. Qc2 Re8 20. Qd2 Qd8
21. Qb2 Qf6 22. g3 Qe7 23. Qb5 a6 24. Qb1 f6 25. Nh3 g5 26. Bd2 Be6 27. Bxh5
Rxd2 28. Bxe8 Qxe8 29. Qc1 Rd3 30. Qb1 Rxc3 31. Qe4 Nd4 32. Rac1 Nf3+ 33. Kh1
Nd2 34. Qg2 Rxc1 35. Rxc1 Nb3 36. Re1 Qd7 37. Ng1 Bd5 38. f3 Qxa4 39. Qh3+ Kc7
40. Qf5 Qc6 41. Rd1 Nd4 42. Qh7+ Kb6 43. Qd3 g4 44. h4 gxf3 45. Kh2 f2 46. Ne2
Nf3+ 47. Kh3 Qe6+ 48. g4 Ne1 49. Qb1+ Ka7 50. Rxe1 Qe3+ 51. Ng3 fxe1=Q 52. Qxe1
Qxe1 53. g5 Be6+ 54. Nf5 Bxf5+ 55. Kg2 Qxh4 56. Kf3 Qg4# {Hossa checkmated} 0-1

[Event "ICS rated blitz match"]
[Site "204.178.125.65"]
[Date "2001.09.08"]
[Round "?"]
[White "Mefisto5000"]
[Black "Hossa"]
[Result "0-1"]
[WhiteElo "2004"]
[BlackElo "2543"]
[PlyCount "60"]
[EventDate "2001.??.??"]

1. d4 c5 2. d5 Nf6 3. c4 e6 4. Nc3 d6 5. e4 exd5 6. exd5 Be7 7. Bd3 Bg4 8. f3
Bd7 9. Nge2 Na6 10. a3 Nc7 11. O-O O-O 12. Qc2 h6 13. Ng3 b5 14. b3 Re8 15. Bb2
Rb8 16. Rae1 a5 17. Re2 b4 18. axb4 Rxb4 19. Nce4 Nxe4 20. Rxe4 Bf6 21. Rxe8+
Nxe8 22. Bxf6 Qxf6 23. Ne4 Qd4+ 24. Kh1 a4 25. Rb1 axb3 26. Qe2 Qe5 27. f4 Qxf4
28. Nd2 b2 29. g3 Qg5 30. Re1 f5 {Mefisto5000 resigns} 0-1

[Event "ICS rated blitz match"]
[Site "204.178.125.65"]
[Date "2001.09.08"]
[Round "?"]
[White "Hossa"]
[Black "degmax"]
[Result "1-0"]
[WhiteElo "2544"]
[BlackElo "2077"]
[PlyCount "69"]
[EventDate "2001.??.??"]

1. d4 d5 2. c4 dxc4 3. e4 e6 4. Bxc4 Nf6 5. Nc3 Be7 6. Nge2 O-O 7. O-O c5 8. d5
exd5 9. exd5 Ne8 10. Bf4 Nd6 11. Bd3 Nd7 12. Qb1 Nf6 13. Be5 h6 14. Ng3 a6 15.
Qc2 b5 16. Rac1 c4 17. Be2 Bg4 18. Bxf6 Bxe2 19. Bxe7 Qxe7 20. Qxe2 Qxe2 21.
Ncxe2 Rfd8 22. Rfd1 Rd7 23. Nd4 Rad8 24. Nc6 Rc8 25. Re1 Kh7 26. Rcd1 Nb7 27.
Ne5 Re7 28. d6 Re6 29. Nxf7 Rxe1+ 30. Rxe1 Kg6 31. Re7 Nc5 32. Ne5+ Kf6 33.
Nh5+ Kg5 34. Nf3+ Kxh5 35. Rxg7 {degmax resigns} 1-0

[Event "ICS rated blitz match"]
[Site "204.178.125.65"]
[Date "2001.09.08"]
[Round "?"]
[White "nyul"]
[Black "Hossa"]
[Result "0-1"]
[WhiteElo "2143"]
[BlackElo "2546"]
[PlyCount "76"]
[EventDate "2001.??.??"]

1. e4 c5 2. c4 Nc6 3. d3 g6 4. Nc3 Bg7 5. Nf3 d6 6. h3 f5 7. Be2 Nf6 8. O-O O-O
9. Bg5 Nd4 10. Qd2 fxe4 11. dxe4 e5 12. Bh6 Nxe2+ 13. Nxe2 Bxh6 14. Qxh6 Nxe4
15. Ng3 Nxg3 16. fxg3 Bd7 17. Rad1 Qe7 18. Rfe1 Be6 19. Ng5 Rf5 20. h4 Bxc4 21.
b3 Ba6 22. Ne4 Raf8 23. Nxd6 Rh5 24. Qd2 b6 25. Qd5+ Kh8 26. Nc4 Bxc4 27. bxc4
Rhf5 28. Kh2 Kg7 29. Re4 Re8 30. Qc6 Rf6 31. Qb5 Qf7 32. Rd5 Rf2 33. Rdxe5 Rxe5
34. Rxe5 Qf3 35. Qd7+ Kh6 36. Rh5+ Qxh5 37. Qe7 Qe2 38. Qg5+ Kg7 {nyul resigns}
0-1

[Event "ICS rated blitz match"]
[Site "204.178.125.65"]
[Date "2001.09.08"]
[Round "?"]
[White "winner3"]
[Black "Hossa"]
[Result "1-0"]
[WhiteElo "2770"]
[BlackElo "2549"]
[PlyCount "113"]
[EventDate "2001.??.??"]

1. d4 c5 2. d5 Nf6 3. c4 e6 4. Nc3 d6 5. e4 exd5 6. cxd5 Be7 7. a3 O-O 8. Bd3
Ng4 9. Nf3 f5 10. O-O fxe4 11. Nxe4 Kh8 12. Qc2 h6 13. h3 Rxf3 14. gxf3 Ne5 15.
f4 Nf3+ 16. Kg2 Nh4+ 17. Kg3 Qg8 18. Qc4 Nd7 19. Nxd6 Bxd6 20. Kxh4 Nb6 21. Qe4
Nxd5 22. Kg3 Nf6 23. Qf3 Qf7 24. Rg1 Nh5+ 25. Kg2 Be6 26. f5 Bd5 27. Be4 Bxe4
28. Qxe4 Re8 29. Qg4 Nf6 30. Qf3 Re5 31. b3 Ne8 32. Bb2 Rxf5 33. Qe3 Bf4 34.
Qd3 Bg5 35. Raf1 Rd5 36. Qg3 Bf4 37. Qf3 Rf5 38. Re1 Nd6 39. Qd3 Kg8 40. Kh1 g5
41. Qc3 Qh7 42. Re6 b5 43. Rd1 b4 44. axb4 cxb4 45. Qc6 Rf8 46. Rexd6 Bxd6 47.
Rxd6 Qb1+ 48. Bc1 Rxf2 49. Qe8+ Rf8 50. Qe6+ Rf7 51. Rd8+ Kg7 52. Qe5+ Kh7 53.
Rh8+ Kg6 54. Rg8+ Rg7 55. Rxg7+ Kh5 56. Rxg5+ hxg5 57. Qxg5# {Hossa checkmated}
1-0

[Event "ICS rated blitz match"]
[Site "204.178.125.65"]
[Date "2001.09.08"]
[Round "?"]
[White "Hossa"]
[Black "kyrios"]
[Result "1-0"]
[WhiteElo "2542"]
[BlackElo "2241"]
[PlyCount "27"]
[EventDate "2001.??.??"]

1. e4 e5 2. Nf3 Nf6 3. Nxe5 d6 4. Nf3 Nxe4 5. Bd3 Nf6 6. O-O Be7 7. h3 O-O 8.
c3 d5 9. Bc2 Nbd7 10. d4 Ne4 11. Re1 Ndf6 12. Ng5 Bf5 13. Nd2 h6 14. Ngxe4 {
kyrios resigns} 1-0

[Event "ICS rated blitz match"]
[Site "204.178.125.65"]
[Date "2001.09.08"]
[Round "?"]
[White "Hossa"]
[Black "winner3"]
[Result "1-0"]
[WhiteElo "2547"]
[BlackElo "2777"]
[PlyCount "125"]
[EventDate "2001.??.??"]

1. d4 Nf6 2. Nf3 c5 3. d5 d6 4. e3 e5 5. dxe6 fxe6 6. Bd3 Be7 7. O-O Nc6 8. c3
d5 9. Ng5 O-O 10. Qc2 h6 11. Nh7 Nxh7 12. Bxh7+ Kh8 13. Rd1 Bd6 14. Na3 a6 15.
f4 b6 16. Bg6 Ne7 17. c4 Nxg6 18. Qxg6 Rf6 19. Qd3 Bb7 20. cxd5 exd5 21. Nc2 c4
22. Qe2 Qe7 23. Nd4 Bc5 24. Qf3 Raf8 25. Qf2 Qe4 26. g3 Bc8 27. Qg2 Bg4 28. Re1
Qxg2+ 29. Kxg2 Bb4 30. Rf1 Re8 31. h3 Bd7 32. g4 Ba4 33. Kf3 Re4 34. Ne2 Re5
35. b3 Bc6 36. Kf2 Re4 37. Bb2 Rf7 38. Bd4 b5 39. Kf3 Rfe7 40. Rfd1 Kh7 41. a3
Ba5 42. Rab1 Rxe3+ 43. Bxe3 d4+ 44. Kf2 dxe3+ 45. Kg1 Bf3 46. Kf1 Be4 47. Rb2
c3 48. Ra2 c2 49. Rd4 Bc3 50. Rxe4 c1=R+ 51. Nxc1 Rxe4 52. Ke2 Bd2 53. Nd3 a5
54. Rc2 b4 55. axb4 axb4 56. Rc7 Re8 57. f5 Kh8 58. Nf4 Ra8 59. Re7 Ra3 60.
Ng6+ Kh7 61. Re8 Ra8 62. Rxa8 Bc1 63. Rh8# {winner3 checkmated} 1-0

[Event "ICS rated blitz match"]
[Site "204.178.125.65"]
[Date "2001.09.08"]
[Round "?"]
[White "ExtremeGambit"]
[Black "Hossa"]
[Result "1-0"]
[WhiteElo "2407"]
[BlackElo "2572"]
[PlyCount "95"]
[EventDate "2001.??.??"]

1. b3 g6 2. Bb2 Nf6 3. e4 Bg7 4. e5 Nd5 5. Nf3 d6 6. d4 dxe5 7. Nxe5 Bf5 8. Bd3
Bxd3 9. Qxd3 Nb6 10. Qe2 O-O 11. O-O N8d7 12. c4 e6 13. Nc3 Nxe5 14. dxe5 Nd7
15. Ba3 c5 16. f4 f6 17. Rad1 Qe7 18. Qf3 b6 19. Qb7 Rfd8 20. Nb5 Rab8 21. exf6
Bxf6 22. Qxa7 Ra8 23. Qb7 Qf7 24. Rd6 Bd4+ 25. Nxd4 cxd4 26. Bc1 Rxa2 27. f5
Qe7 28. Rxe6 Qf7 29. Rd6 gxf5 30. Bg5 Raa8 31. Bxd8 Rxd8 32. Rd1 Kf8 33. R6xd4
Qe8 34. Rxd7 Rxd7 35. Qxd7 Qxd7 36. Rxd7 h5 37. b4 Ke8 38. Rd1 f4 39. c5 bxc5
40. bxc5 Ke7 41. c6 Ke6 42. c7 Kf7 43. c8=Q f3 44. Qc7+ Kf6 45. Rd6+ Kg5 46.
Qc5+ Kf4 47. Rd4+ Ke3 48. Qe5# {Hossa checkmated} 1-0

[Event "ICS rated blitz match"]
[Site "204.178.125.65"]
[Date "2001.09.08"]
[Round "?"]
[White "gill"]
[Black "Hossa"]
[Result "0-1"]
[WhiteElo "2814"]
[BlackElo "2567"]
[PlyCount "94"]
[EventDate "2001.??.??"]

1. d4 c5 2. dxc5 Qa5+ 3. Nc3 Nf6 4. Nf3 e6 5. a3 Bxc5 6. e3 d6 7. Bd2 Qd8 8.
Na4 O-O 9. Nxc5 dxc5 10. Bc3 Nd5 11. Bd2 Qc7 12. c4 Nf6 13. Qc2 e5 14. Bc3 Nc6
15. Be2 Bg4 16. h3 Bh5 17. O-O Bg6 18. Qb3 Rfd8 19. Rad1 Ne4 20. Nh4 Nxc3 21.
Qxc3 Be4 22. f3 Qe7 23. g3 Rxd1 24. Rxd1 g5 25. fxe4 gxh4 26. g4 Rd8 27. Rd5
Re8 28. Kg2 Nd8 29. Qd3 Qc7 30. b4 cxb4 31. axb4 Ne6 32. c5 Re7 33. Qa3 b6 34.
Qc3 bxc5 35. bxc5 Ng5 36. Bd3 h5 37. c6 hxg4 38. hxg4 h3+ 39. Kg3 Kg7 40. Qc5
Re6 41. Rd7 Qxc6 42. Qxc6 Rxc6 43. Rxa7 Rc1 44. Ra2 Rc3 45. Bf1 Rxe3+ 46. Kh2
Rf3 47. Ra1 Rf2+ {gill resigns} 0-1

[Event "ICS rated blitz match"]
[Site "204.178.125.65"]
[Date "2001.09.09"]
[Round "?"]
[White "Hossa"]
[Black "CrazyHorses"]
[Result "1-0"]
[WhiteElo "2593"]
[BlackElo "2188"]
[PlyCount "45"]
[EventDate "2001.??.??"]

1. e4 c5 2. Nf3 d6 3. d4 cxd4 4. Nxd4 Nf6 5. Nc3 a6 6. Bd3 e5 7. Nf3 Be7 8. Bg5
Nbd7 9. Qe2 O-O 10. O-O b5 11. Rfd1 Nc5 12. b4 Ne6 13. Be3 Bb7 14. a4 Rc8 15.
Nd5 Nxd5 16. exd5 Bxd5 17. Bxh7+ Kxh7 18. Rxd5 Qc7 19. axb5 axb5 20. Ra7 Qd8
21. Nxe5 Bf6 22. Nxf7 Qe8 23. Qh5+ {CrazyHorses resigns} 1-0

[Event "ICS rated blitz match"]
[Site "204.178.125.65"]
[Date "2001.09.09"]
[Round "?"]
[White "winner3"]
[Black "Hossa"]
[Result "1-0"]
[WhiteElo "2752"]
[BlackElo "2596"]
[PlyCount "99"]
[EventDate "2001.??.??"]

1. Nf3 f5 2. g3 Nf6 3. Bg2 d6 4. d4 g6 5. c3 Bg7 6. Qb3 e6 7. c4 O-O 8. Nc3 Nc6
9. O-O Kh8 10. Rd1 Ne4 11. Be3 Na5 12. Qa4 Nxc3 13. bxc3 c6 14. c5 b5 15. Qc2
dxc5 16. dxc5 Qc7 17. Nd4 a6 18. a4 Bd7 19. Qd3 Nc4 20. axb5 Nb2 21. b6 Qb7 22.
Qc2 Nxd1 23. Qxd1 e5 24. Nb3 Qc8 25. Na5 Qe8 26. Ra3 f4 27. Bc1 fxg3 28. hxg3
h6 29. Be3 Rf6 30. Nc4 Bc8 31. Nd6 Qd7 32. Qa4 Rxd6 33. cxd6 Qxd6 34. Bxc6 Rb8
35. c4 Bg4 36. c5 Qe6 37. f3 Bh3 38. Be4 Bf5 39. c6 Bxe4 40. Qxe4 Qd6 41. Rd3
Qe7 42. Qxg6 Qb4 43. Kf2 Rf8 44. Rd7 Rg8 45. c7 Qc4 46. b7 Qxc7 47. Rxc7 a5 48.
Rxg7 Rxg7 49. b8=Q+ Rg8 50. Qbxg8# {Hossa checkmated} 1-0

[Event "ICS rated blitz match"]
[Site "204.178.125.65"]
[Date "2001.09.09"]
[Round "?"]
[White "Hossa"]
[Black "winner3"]
[Result "1/2-1/2"]
[WhiteElo "2587"]
[BlackElo "2732"]
[PlyCount "218"]
[EventDate "2001.??.??"]

1. d4 d5 2. Nf3 Nf6 3. c4 dxc4 4. e3 e6 5. Bxc4 c5 6. O-O a6 7. e4 b5 8. Bd3
Bb7 9. dxc5 Nc6 10. e5 Nd7 11. Nc3 Nxc5 12. Bb1 Qc7 13. Bf4 Rd8 14. Qe2 Nb4 15.
Rc1 Qd7 16. Rd1 Qc7 17. Ng5 h6 18. Nge4 Rxd1+ 19. Qxd1 Nd5 20. Nxd5 Bxd5 21.
Nd6+ Bxd6 22. exd6 Qc6 23. f3 Nd7 24. Qd4 O-O 25. Bd3 Qc5 26. Qxc5 Nxc5 27. Bc2
Rd8 28. Rd1 Rd7 29. h4 Kf8 30. b3 Nb7 31. Bf5 Rd8 32. Be4 Nxd6 33. Be5 f6 34.
Bf4 Nf5 35. h5 Ke7 36. Bxf5 exf5 37. Kf2 Rd7 38. Rc1 Bf7 39. Rc6 Bxh5 40. Rxa6
g5 41. Be3 Rd5 42. Ra7+ Ke6 43. Ra6+ Ke5 44. Bc1 Rc5 45. Bb2+ Kd5 46. Bxf6 Rc2+
47. Kg1 Be8 48. Bg7 h5 49. a4 Rc1+ 50. Kh2 bxa4 51. bxa4 Bc6 52. Bh6 Ra1 53.
Bxg5 Rxa4 54. Rxa4 Bxa4 55. Kg3 Bb5 56. Kf4 Ke6 57. Bd8 Bf1 58. g3 Be2 59. Bc7
Bd1 60. Bb6 Kd5 61. Ba5 Ke6 62. Bd2 Be2 63. Bb4 Bd1 64. Ke3 Kd5 65. Ba3 Kc4 66.
Bb2 Kc5 67. Bg7 Kc4 68. Be5 Kd5 69. Bc3 Kc4 70. Bf6 Kd5 71. Bh8 Kc4 72. Ba1 Kd5
73. Bf6 Ke6 74. Bb2 Kd5 75. Ba1 Ke6 76. Kf4 Be2 77. Bc3 Bd1 78. Bb4 Kd5 79. Ke3
Ke6 80. Bc5 Kd5 81. Bf8 Kc4 82. Be7 Kd5 83. Bg5 Ke5 84. Bf4+ Kd5 85. Bc7 Kc6
86. Bb8 Kc5 87. Ba7+ Kd6 88. Kf4 Kd5 89. Bb6 Be2 90. Bf2 Bd1 91. Ke3 Ke5 92.
Be1 Kd5 93. Ba5 Kd6 94. Bd8 Ke5 95. Bg5 Bc2 96. Bf4+ Ke6 97. Bc7 Bb3 98. Ba5
Bc2 99. Bd2 Bd1 100. Bc3 Kd5 101. Bd4 h4 102. gxh4 f4+ 103. Kxf4 Kxd4 104. h5
Kd5 105. h6 Bc2 106. h7 Bxh7 107. Kg4 Bg6 108. f4 Ke4 109. Kh4 Kxf4 {
Game drawn because neither player has mating material} 1/2-1/2

[Event "ICS rated blitz match"]
[Site "204.178.125.65"]
[Date "2001.09.09"]
[Round "?"]
[White "LinuxKnight"]
[Black "Hossa"]
[Result "1-0"]
[WhiteElo "2856"]
[BlackElo "2603"]
[PlyCount "117"]
[EventDate "2001.??.??"]

1. e4 c5 2. Nc3 d6 3. Nf3 Nf6 4. Bc4 e6 5. O-O Be7 6. d4 cxd4 7. Nxd4 O-O 8.
Bb3 Kh8 9. Qf3 Nc6 10. Nxc6 bxc6 11. Be3 Ba6 12. Rfd1 Qc7 13. h3 Nd7 14. Qg3
Ne5 15. Bf4 Rab8 16. Rd2 Rfd8 17. Rad1 c5 18. Rb1 Ng6 19. Be3 Bh4 20. Qg4 Qe7
21. a3 Bf6 22. Rdd1 Bxc3 23. bxc3 Ne5 24. Qh5 Nc4 25. Bf4 Rb6 26. a4 Qc7 27.
Qg4 Qc6 28. e5 d5 29. Rd3 Qc7 30. Rg3 Rg8 31. Re1 Rbb8 32. Qh4 Qd7 33. Bg5 Qc6
34. Bf6 Qc8 35. Qg5 Qf8 36. Be7 Qc8 37. Bf6 Qf8 38. Be7 Qc8 39. Bxc4 Bxc4 40.
Qf4 Qe8 41. Bxc5 Qd7 42. Rd1 Rb7 43. Ra1 a5 44. Rf3 Rc8 45. Bd6 Rc6 46. Rg3 Qe8
47. Kh2 Be2 48. Qg5 Qg8 49. Qd2 Bc4 50. Qf4 Rcb6 51. Ba3 Rb1 52. Rxb1 Rxb1 53.
Be7 Qb8 54. Rxg7 Be2 55. Rg8+ Qxg8 56. Bf6+ Qg7 57. Qh6 Rh1+ 58. Kxh1 Qxf6 59.
Qf8# {Hossa checkmated} 1-0

[Event "ICS rated blitz match"]
[Site "204.178.125.65"]
[Date "2001.09.09"]
[Round "?"]
[White "Hossa"]
[Black "Viveiros"]
[Result "1-0"]
[WhiteElo "2597"]
[BlackElo "2076"]
[PlyCount "41"]
[EventDate "2001.??.??"]

1. e4 c5 2. Nf3 d6 3. d4 cxd4 4. Nxd4 Nf6 5. Nc3 a6 6. Bd3 e6 7. Be3 b5 8. O-O
Bb7 9. Qf3 Qc7 10. Rfd1 Nc6 11. Nxc6 Bxc6 12. a4 b4 13. Ne2 Qb7 14. Ng3 a5 15.
Bd4 Be7 16. b3 O-O 17. Qe2 Rfe8 18. Rd2 Nd7 19. Nh5 Bf8 20. Bxg7 Bxg7 21. Qg4 {
Viveiros resigns} 1-0

[Event "ICS rated blitz match"]
[Site "204.178.125.65"]
[Date "2001.09.09"]
[Round "?"]
[White "Viveiros"]
[Black "Hossa"]
[Result "0-1"]
[WhiteElo "2074"]
[BlackElo "2599"]
[PlyCount "49"]
[EventDate "2001.??.??"]

1. Nf3 e6 2. d4 f5 3. e3 Be7 4. Bd3 Nf6 5. O-O b6 6. c4 Bb7 7. Nc3 O-O 8. Qe2
Na6 9. a3 Ne4 10. Nd2 Nxc3 11. bxc3 Qe8 12. e4 Qg6 13. f3 fxe4 14. fxe4 Rxf1+
15. Nxf1 Rf8 16. Be3 Bxe4 17. Bxe4 Qxe4 18. c5 Nb8 19. cxb6 axb6 20. Ng3 Qh4
21. a4 Bd6 22. Bf2 Nc6 23. Nf1 Qf6 24. Ne3 Bxh2+ 25. Kh1 {Viveiros resigns} 0-1

[Event "ICS rated blitz match"]
[Site "204.178.125.65"]
[Date "2001.09.09"]
[Round "?"]
[White "Hossa"]
[Black "ExtremeGambit"]
[Result "0-1"]
[WhiteElo "2600"]
[BlackElo "2502"]
[PlyCount "140"]
[EventDate "2001.??.??"]

1. d4 f5 2. Nf3 Nf6 3. d5 e6 4. dxe6 dxe6 5. Qxd8+ Kxd8 6. e3 Nc6 7. Bc4 Bd6 8.
O-O Ke7 9. Rd1 e5 10. Ng5 Rf8 11. Bd2 h6 12. Nf3 e4 13. Ne1 Ne5 14. Be2 Be6 15.
Nc3 c6 16. a3 g6 17. b3 Rad8 18. Na4 b5 19. Nb2 Ned7 20. a4 b4 21. Rab1 Nd5 22.
Nc4 Bc7 23. f4 a5 24. g3 Nc5 25. Ng2 Rg8 26. Ra1 g5 27. Be1 Rd7 28. fxg5 hxg5
29. Rdc1 f4 30. exf4 gxf4 31. Bf1 f3 32. Bf2 Nb7 33. Nh4 Nc3 34. Re1 Rd5 35.
Kh1 Rh5 36. Nd2 Be5 37. Ba6 Nd6 38. Rac1 Bf6 39. Nhxf3 exf3 40. Nxf3 Kf7 41.
Rf1 Nce4 42. Kg1 Bh3 43. Rfe1 Rf5 44. Bc4+ Kg7 45. Re3 Nxf2 46. Bxg8 Ng4 47.
Rd3 Kxg8 48. Nh4 Rd5 49. Nf3 Nf5 50. Rxd5 cxd5 51. Rd1 Nfe3 52. Rc1 Kg7 53. Ne1
Bd4 54. Kh1 Nf2+ 55. Kg1 Ne4 56. Kh1 Nd2 57. c3 bxc3 58. g4 Bxg4 59. Kg1 Nxb3
60. Rb1 Nc2+ 61. Kh1 Nxe1 62. h3 Bf3+ 63. Kh2 Nd3 64. Rxb3 c2 65. Kg3 c1=Q 66.
Rxd3 Be2 67. Rxd4 Qe3+ 68. Kg2 Qf3+ 69. Kh2 Qf2+ 70. Kh1 Bf3# {Hossa checkmated
} 0-1

[Event "ICS rated blitz match"]
[Site "204.178.125.65"]
[Date "2001.09.09"]
[Round "?"]
[White "ExtremeGambit"]
[Black "Hossa"]
[Result "1-0"]
[WhiteElo "2574"]
[BlackElo "2594"]
[PlyCount "139"]
[EventDate "2001.??.??"]

1. c4 e5 2. g3 Nc6 3. Bg2 f5 4. Nc3 Nf6 5. d3 g6 6. e4 fxe4 7. dxe4 Bg7 8. c5
b6 9. cxb6 axb6 10. Nd5 Nxd5 11. exd5 Nd4 12. d6 Ra7 13. Be3 cxd6 14. Ne2 Ba6
15. Bxd4 exd4 16. O-O O-O 17. Re1 d3 18. Qb3+ Kh8 19. Nf4 Bd4 20. Re4 Qf6 21.
Nxg6+ hxg6 22. Rf4 Bxf2+ 23. Kh1 Qe7 24. Qc3+ Kg8 25. Bd5+ Kh7 26. Rh4+ Qxh4
27. gxh4 Rf5 28. Be4 Rf4 29. Bg2 Bxh4 30. Qb3 Bf2 31. Qd5 Bc5 32. Qg5 Rf5 33.
Qe7+ Kh6 34. b4 Bf2 35. Qxd6 Bb5 36. Be4 Bc6 37. Bxc6 dxc6 38. Qxd3 c5 39. bxc5
Bxc5 40. a4 Rf4 41. Qd2 g5 42. Re1 Raf7 43. Re6+ Kg7 44. Qd5 R7f5 45. Qd7+ Rf7
46. Qc6 Rf1+ 47. Kg2 Rg1+ 48. Kh3 Kf8 49. Qa8+ Kg7 50. Qe4 Rf6 51. Rxf6 Kxf6
52. a5 Kg7 53. axb6 Rc1 54. b7 Ba7 55. Qe7+ Kh6 56. Qa3 Rb1 57. Qxa7 Rb3+ 58.
Kg4 Rb4+ 59. Kf5 Rf4+ 60. Ke5 Rb4 61. Qe3 Rb1 62. Qh3+ Kg7 63. Qd7+ Kh6 64.
Qd6+ Kh5 65. b8=Q Re1+ 66. Kf6 Rf1+ 67. Kg7 Rf3 68. Qe6 Rf5 69. Qg6+ Kg4 70.
Qg3# {Hossa checkmated} 1-0